01474nam a2200373 a 4500001001200000003000800012006001900020007001500039008004100054020001800095020002700113040002100140035002100161050002700182082001400209245013100223260004400354300004200398490002300440504004100463533015200504588009700656650003500753650002100788650002100809650001800830655002900848700002000877700002200897710001700919710001600936830002200952856012600974ebr10672811CaPaEBRm o u cr cn|||||||||130419s2013 dcua sb 000 0 eng d z9780821398777 z9780821398807 (e-book) aCaPaEBRcCaPaEBR a(OCoLC)83226722014aHG4538.5 b.O43 2013eb04a332.622300aOld risks, new solutions, or is it the other way around?h[electronic resource] /cGero Verheyen and Edith Quintrell, editors. aWashington, D.C. :bWorld Bank,cc2013. a1 online resource (x, 116 p.) :bill.1 aA World Bank Study aIncludes bibliographical references. aElectronic reproduction.bPalo Alto, Calif. :cebrary,d2015.nAvailable via World Wide Web.nAccess may be limited to ebrary affiliated libraries. aDescription based on online resource; title from title page (ebrary, viewed April 18, 2013). 0aInvestment guaranty insurance. 0aRisk (Insurance) 0aRisk management. 0aCountry risk. 7aElectronic books.2local1 aVerheyen, Gero.1 aQuintrell, Edith.2 aebrary, Inc.2 aWorld Bank. 0aWorld Bank study.40uhttp://site.ebrary.com/lib/rucke/Doc?id=10672811zAn electronic book accessible through the World Wide Web; click to view